Living the Bhagavad Gita: (Record no. 188266)

MARC details
000 -LEADER
fixed length control field 00605nam a22001817a 4500
005 - DATE AND TIME OF LATEST TRANSACTION
control field 20220513154055.0
010 ## - LCCN (DPL NO)
LC control number ENG-132620
020 ## - INTERNATIONAL STANDARD BOOK NUMBER
International Standard Book Number 9789351952718
Terms of availability 299.00
035 ## - SYSTEM CONTROL NUMBER
System control number EN-116152
037 ## - SOURCE OF ACQUISITION
Source of stock number/acquisition DBAD/PUB
082 ## - DEWEY DECIMAL CLASSIFICATION NUMBER
Classification number 181.432
100 ## - MAIN ENTRY--PERSONAL NAME
Personal name Sorensen, Braja
245 ## - TITLE STATEMENT
Title Living the Bhagavad Gita:
Remainder of title Ancient Wisdom For Modern Life/
Statement of responsibility, etc Braja Sorensen
260 ## - PUBLICATION, DISTRIBUTION, ETC. (IMPRINT)
Place of publication, distribution, etc Gurugram
Name of publisher, distributor, etc Hachette Book Publishing India Pvt. Ltd
Date of publication, distribution, etc 2019
270 ## - ADDRESS
Address 4th & 5th Floors, Corporate Centre, Plot No. 94, Sector 44
City Gurugram
Postal code 122003
300 ## - PHYSICAL DESCRIPTION
Extent 196p
Dimensions 20cm(pbk)
942 ## - ADDED ENTRY ELEMENTS (KOHA)
Source of classification or shelving scheme Dewey Decimal Classification
Item type English Books
Call number suffix SOR
Classification part 181.432
Holdings
Withdrawn status Lost status Not for loan Collection code Home library Current library Date acquired Source of acquisition Cost, normal purchase price Full call number Barcode Copy number Cost, replacement price Koha item type
      Non-fiction Patel Nagar Patel Nagar 13/05/2022 DBAD/PUB 299.00 181.432 SOR EN-116152 1 299.00 English Books

© Delhi Public Library
Hit Counter
free hit counter